Účinnosť ekonomických a sociálnch výhod v podniku bakalárska práca

Gespeichert in:
Bibliographische Detailangaben
1. Verfasser: Kusá, Silvia
Körperschaft: Fakulta podnikového manažmentu EU. Katedra manažmentu
Weitere Verfasser: Gálik, Rudolf
Format: Buch
Sprache:Slowakisch
Veröffentlicht: Bratislava 2014
Tags: Tag hinzufügen
Keine Tags, Fügen Sie das erste Tag hinzu!

MARC

LEADER 00000nbm a2200000 4500
001 0189671
005 20170201093118.5
041 0 |a slo 
044 |a SK 
245 1 0 |a Účinnosť ekonomických a sociálnch výhod v podniku  |b bakalárska práca  |c Silvia Kusá ; školiteľ: Rudolf Gálik 
264 1 |a Bratislava  |c 2014 
300 |a 53 s. 
100 1 |a Kusá, Silvia 
700 1 |a Gálik, Rudolf 
710 2 |a Fakulta podnikového manažmentu EU. Katedra manažmentu